他社車両が乗り入れるJR東日本の駅 - Statistics

General Stats
  • This quiz has been taken 639 times
    588 since last reset
  • The average score is 81 of 147
Answer Stats
Answer % Correct
大宮
93%
東京
92%
上野
91%
仙台
89%
長野
87%
高崎
86%
新宿
86%
郡山
85%
福島
85%
盛岡
85%
宇都宮
84%
八戸
84%
熊谷
83%
池袋
83%
軽井沢
82%
新花巻
81%
本庄早稲田
81%
渋谷
81%
新白河
80%
一ノ関
80%
二戸
80%
七戸十和田
80%
白石蔵王
79%
くりこま高原
79%
いわて沼宮内
79%
安中榛名
79%
上田
79%
古川
78%
北上
78%
大崎
77%
赤羽
77%
水沢江刺
76%
佐久平
76%
76%
飯山
75%
恵比寿
75%
松戸
73%
我孫子
73%
取手
73%
武蔵浦和
72%
板橋
71%
十条
71%
新松戸
71%
戸田
70%
戸田公園
69%
北柏
69%
与野本町
68%
川越
68%
亀有
68%
金町
68%
南柏
68%
天王台
68%
武蔵小杉
67%
浮間舟渡
67%
北与野
67%
北松戸
67%
熱海
66%
北赤羽
66%
北戸田
66%
南与野
66%
三鷹
66%
松本
66%
馬橋
65%
吉祥寺
64%
荻窪
64%
篠ノ井
64%
西大井
63%
西荻窪
63%
高円寺
63%
北小金
63%
西大宮
62%
阿佐ヶ谷
62%
中浦和
61%
日進
59%
指扇
59%
船橋
59%
名取
59%
津田沼
58%
南古谷
56%
長町
55%
南仙台
54%
横浜
53%
東船橋
53%
岩沼
52%
来宮
51%
浦和
50%
越後湯沢
50%
網代
47%
川中島
46%
太子堂
45%
伊豆多賀
44%
岡谷
44%
宇佐美
43%
花巻
43%
上諏訪
43%
下諏訪
42%
南松本
39%
聖高原
39%
館腰
38%
明科
38%
犀潟
38%
安茂里
37%
紫波中央
36%
茅野
36%
長岡
35%
会津若松
34%
柏崎
34%
花巻空港
33%
矢幅
33%
今井
32%
六日町
32%
黒井
31%
鹿島神宮
30%
日詰
30%
仙北町
30%
村井
29%
岩手飯岡
28%
広丘
28%
石鳥谷
27%
平田
27%
村崎野
26%
塩沢
26%
柿崎
25%
宮内
25%
青海川
24%
川岸
23%
七日町
21%
古館
21%
来迎寺
21%
土底浜
19%
鯨波
18%
上下浜
16%
潟町
13%
米山
13%
安田
13%
前川
12%
笠島
11%
茨目
11%
北条
11%
長鳥
11%
越後岩塚
11%
越後広田
10%
塚山
8%
No matching quizzes found
Score Distribution
Percent of People with Each Score
Percentile by Number Answered
Your Score History
You have not taken this quiz since the last reset